IFM Opac

Arab and regional politics in the middle east (Record no. 15886)

MARC details
000 -LEADER
fixed length control field 00330nam a22001337a 4500
020 ## - INTERNATIONAL STANDARD BOOK NUMBER
International Standard Book Number 0312046928
082 ## - DEWEY DECIMAL CLASSIFICATION NUMBER
Classification number 320.95 6 VAT
100 ## - MAIN ENTRY--PERSONAL NAME
Personal name Vatikiotis,P J
9 (RLIN) 987
245 ## - TITLE STATEMENT
Title Arab and regional politics in the middle east
260 ## - PUBLICATION, DISTRIBUTION, ETC.
Place of publication, distribution, etc. New York
Name of publisher, distributor, etc. St.Martins
Date of publication, distribution, etc. 1984
300 ## - PHYSICAL DESCRIPTION
Extent 267p.;20cm
500 ## - GENERAL NOTE
General note Includes Index
942 ## - ADDED ENTRY ELEMENTS (KOHA)
Koha item type Books
Holdings
Withdrawn status Lost status Damaged status Not for loan Collection code Home library Current library Shelving location Date acquired Total Checkouts Full call number Barcode Date last seen Price effective from Koha item type
        Non-fiction IFM Main Campus Library IFM Main Campus Library Archival Collection 09/08/2021   320.95 6 VAT 0000007031 04/11/2016 02/19/2022 Books